Indovina la citazione - Film Italiani - Statistics

Statistiche generali
  • Questo quiz è stato fatto 98 volte
  • Il punteggio medio è 11 su 20
Statistiche sulle risposte
Citazione Attore/Attrice % Corretto
Ma che è sta cafonata? Christian De Sica
84%
eccezziunale veramende! Diego Abatantuono
84%
O famo strano! Carlo Verdone
80%
Adesso non posso né scendere e né salire Aldo Baglio
78%
Peperonata, alle otto di mattina? A mezzogiorno... topi morti? Giovanni Storti
76%
Me la ciulano! Massimo Boldi
76%
E così domani ti sposi? Sì ma niente di serio Giacomo Poretti
74%
Se il tuo cuore non conosce questa gioia, allora taci, perché ti hanno condannato alla partita IVA. Luca Pasquale Medici
69%
io so io, e voi non siete un c***o! Alberto Sordi
65%
Mamma mia commesdoo! Enzo Salvi
61%
La felicità sta dietro l'angolo? Allora agg' pres 'na rotatoria! Alessandro Siani
54%
Gino! Domani vo in Spagna! Olè! Leonardo Pieraccioni
52%
cor fischio o senza? Alvaro Vitali
47%
Sta mano po esse fero e po esse piuma Mario Brega
33%
Innamoratevi! Se non vi innamorate è tutto morto! Roberto Benigni
32%
Fantocci, venghi!! Anna Mazzamauro
31%
A Manzotì, io anderò al Polo Nord, ma tu devi annà a fan***o! Gigi Proietti
31%
Ma nove per nove farà ottantuno? Massimo Troisi
29%
Avete mai visto un aereo dirottato da un ginocchio?! Avete mai visto uno che arriva e minaccia 'Mani in alto: sono armato, ho dell'acciaio nel ginocchio!? Fabio De Luigi
19%
Vabbè che vabbè ma mica davero davero Enrico Brignano
12%
Nessun quiz corrispondente trovato
Distribuzione punteggi
Percentuale di utenti per punteggio
Percentile per numero di risposta
I tuoi punteggi nel tempo
Non hai fatto questo quiz